书目信息 |
| 题名: |
工业会计学
|
|
| 作者: | 阎金锷 , 贺南轩 主编 | |
| 分册: | ||
| 出版信息: | 北京 中国人民大学出版社 1979 |
|
| 页数: | 447页 | |
| 开本: | 20cm | |
| 丛书名: | ||
| 单 册: | ||
| 中图分类: | F406.7 | |
| 科图分类: | ||
| 主题词: | 工业经济--经济理论 | |
| 电子资源: | ||
| ISBN: | ||
| 000 | 00693nam0 2200265 45 | |
| 001 | 0179007937 | |
| 005 | 20040429111950.0 | |
| 010 | @dCNY1.80 | |
| 091 | @a4011.384 | |
| 100 | @a19950714d1979 em y0chiy0121 ea | |
| 101 | 0 | @achi |
| 102 | @aCN@b110000 | |
| 105 | @ay z 000yy | |
| 106 | @ar | |
| 200 | 10 | @a工业会计学@Agong ye kuai ji xue@f阎金锷,贺南轩主编 |
| 210 | @a北京@c中国人民大学出版社@d1979 | |
| 215 | @a447页@d20cm | |
| 300 | @a高等财经院校试用教材 | |
| 606 | 0 | @a工业经济@x经济理论 |
| 610 | 0 | @a工业会计 |
| 690 | @aF406.7 | |
| 701 | 0 | @a阎金锷@Ayan jin e@4主编 |
| 701 | 0 | @a贺南轩@Ahe nan xuan@4主编 |
| 801 | 0 | @aCN@bNLC@c20040429 |
| 905 | @f1@b104059@dF406.7@e15-2 | |
| 工业会计学/阎金锷,贺南轩主编.-北京:中国人民大学出版社,1979 |
| 447页;20cm |
| 高等财经院校试用教材 |
| ISBN :CNY1.80 |
| ● |
| 相关链接 |
|
|
|
|
正题名:工业会计学
索取号:F406.7/15-2
 
预约/预借
| 序号 | 登录号 | 条形码 | 馆藏地/架位号 | 状态 | 备注 |
| 1 | 0104059 | 001467512 | 第一借阅区/ [索取号:F406.7/15-2] | 在馆 | |
| 2 | 0104061 | 000208206 | 第一样本阅览室/ [索取号:F406.7/15-2] | 在馆 |